Представление документа в формате RUSMARC

ПолеНазваниеЗначение
  Тип записи a
  Библиографический уровень m
001 Контрольный номер RU/SLIB/B/208742035
005 Дата корректировки 20241206163917.9
010 Индекс ISBN __
d Цена 0-55
101 Язык документа 0_
a Язык текста rus
200 Заглавие и сведения об ответственности 1_
a Заглавие Витамины круглый год
b Общее обозначение материала Текст
205 Сведения об издании __
a Основные сведения об издании 2-е изд.
210 Выходные данные 1_
a Место издания М.
c Издательство Россельхозиздат
d Дата издания 1983
215 Физическое описание __
a Объем 96 с.
606 Тематические рубрики __
a Основная рубрика Пищевые производства
606 Тематические рубрики __
a Основная рубрика Переработка плодов и овощей
610 Ключевые слова 0_
a Ключевые слова витамины; домашнее консервирование; овощи; овощные блюда; фрукты; консервирование продуктов; консервирование фруктов; консервирование овощей
686 Индексы других классификаций __
a Классификационный индекс 36.91; ст36
801 Источник записи _0
a Страна RU
b Организация Муниципальное бюджетное учреждение культуры "Централизованная библиотечная система" г. Сургут (Центральная городская библиотека им. А. С. Пушкина)
g Правила каталогизации КиК/Уланова
801 Источник записи _1
a Страна RU
b Организация Муниципальное бюджетное учреждение культуры "Централизованная библиотечная система" г. Сургут (Центральная городская библиотека им. А. С. Пушкина)
g Правила каталогизации КиК/Уланова
852 Данные о местонахождении __
j Шифр хранения 36.91
c Каталожный индекс 36.91
i Авторский знак В 54
p Инвентарный номер 15672
901 Тип документа __
t Тип документа m
990 Данные о заказе (DOS) __
j Количество экземпляров (DOS) 2